Word Ladder: Ocarina of Time Quiz Stats

 Plays Quiz Updated Mar 28, 2017

Support Sporcle.
Go Orange.
Score 0/20 Timer 02:00
2 Plays Today
Hint 4-Letter Word % Correct
► Hero's default name ◄
or Piece of a chain
LINK
95.4%
Hourglass fillerSAND
92.1%
► Awaiting you in the well is Dead _____
or Cards held
HAND
89.3%
Solid; difficultHARD
89%
Cash repositoryBANK
88.1%
► Temple of _______
or 'Person of the Year' magazine
TIME
87.7%
Ten centsDIME
87.7%
Mentally soundSANE
86.8%
Slender, thinLANK
84.1%
To domesticateTAME
82.9%
Hint 4-Letter Word % Correct
► The Blade of Evil's _________
or Cause of one's undoing
BANE
82.1%
Loser in a fabled raceHARE
81.6%
Agatha Christie's titleDAME
78%
UnembellishedBARE
76.2%
► Saria's occupation ◄
or Mint-family herb
SAGE
74.5%
Was in attendanceCAME
72.5%
Marvel hero LukeCAGE
67.7%
Passport datumNAME
64%
Part of a churchNAVE
59.9%
► Fairy guide ◄
or 'Avatar' race
NAVI
46.5%

Today's Daily Dose

You're not logged in!

Compare scores with friends on all Sporcle quizzes.
OR
Log In
Forgot?

From the Vault

10 Actors, 3 Decades III

by manonthemoon

We're glad this is a quiz because it's the worst attempt at time lapse photography we've ever seen.
Remove Ads.
Support Sporcle.
Get the best of Sporcle when you Go Orange. This ad-free experience offers more features, more stats, and more fun while also helping to support Sporcle. Thank you for becoming a member.

Show Comments

Extras

Top Quizzes Today


Score Distribution

Your Account Isn't Verified!

In order to create a playlist on Sporcle, you need to verify the email address you used during registration. Go to your Sporcle Settings to finish the process.

Report this User

Report this user for behavior that violates our Community Guidelines.

Details: